000 00533nam a2200193 a 4500
005 20140310182405.0
008 970101s19uu xx 00 eng d
020 _a971-117-056-6
050 _aHB 171
_b.V732 1972
100 _aVillegas, Bernardo M.
245 _aGuide to economics for Filipinos /
_cBernardo M. Villegas.
250 _a3rd ed.
260 _aManila :
_bSinag-tala publishers,
_cc1972.
300 _aix, 515 p. :
_b22 cm.
_cill. ;
650 _aEconomics.
942 _cBK
_2lcc
999 _c12677
_d12677